Представление документа в формате RUSMARC

ПолеНазваниеЗначение
  Тип записи c
  Библиографический уровень m
001 Контрольный номер RU/УОНБ/EK_N/660585508
005 Дата корректировки 20250520123637.0
010 Индекс ISBN __
9 Тираж 2700 экз.
013 Номер (ISMN) __
d Цена 1 р. 20 к.
071 Издательские номер (звукозапись и ноты) 21
a Номер, присвоенный агентством 9824
100 Данные общей обработки __
a Данные общей обработки 20201206d1977 u y0rusy0189||||ca
101 Язык документа 0_
a Язык текста rus
f Язык титульного листа rus
102 Страна публикации __
a Страна публикации RU
105 Кодированные данные (монография) __
a Кодированные данные (монография) y###||||000|y
125 Кодированные данные звукозаписи и нотных изданий __
a Форма изложения нотного текста с|
128 Кодированные данные (звукозаписи-физические характеристики) __
a Кодированные данные: Музыкальная форма и тональность или лад chs
b Инструменты или голоса, необходимые для ансамблей (устаревшее) cd||
c Инструменты или голоса, рекомендуемые для солистов (устаревшее) vu||
200 Заглавие и сведения об ответственности 1_
a Заглавие Песни весны
b Общее обозначение материала Ноты
e Сведения, относящиеся к заглавию пение [соло, хор] в сопровожд. фп. и без сопровожд.
f Первые сведения об ответственности сост. М. Роост
g Последующие сведения об ответственности вступ. статья и общ. ред. В. Попова
210 Выходные данные 1_
a Место издания Москва
c Издательство Музыка
d Дата издания 1977
215 Физическое описание __
a Объем 48 с.
c Иллюстрации/тип воспроизводства фот.
d Формат 29 см
225 Серия 1_
a Серия Детские и юношеские хоры
e Сведения, относящиеся к заглавию серии репертуар дет. хора Берлинского радио
327 Примечание о содержании 11
a Примечание о содержании Содерж. : Шнайдер К. Песня о знамени / сл. Х. Калау ; аранж. П. Функа ; пер. Я. Серпина ; Песня о мире / сл. Г. Штайнэккерт ; пер. Я. Серпина. - Дессау П. Просьба детей / сл. Б. Брехта ; пер. С. Северцева. - Швен К. Чудесно жить на свете / сл. В. Кюхенмайстер ; пер. С. Северцева ; Древний ящер / сл. С. Кирш ; пер. Я. Серпина. - Роост М. Навстречу лету ; Летняя песня / сл. Х. Штера ; пер. К. Ибряева ; Зима в родном краю / сл. И. Калиш ; пер. К. Ибряева. - Шир Г. Как кружится земля / сл. Г. Штайнэккерт ; пер. К. Ибряева. - Маттус З. Сороконожка / сл. П. Хакса ; пер. Я. Серпина. - Грабс М. Древесный жук / сл. С. Кирш ; пер. Я. Серпина ; Блинчики из ряски / сл. В. Линдемана ; пер. Я. Серпина. - Медек Т. Голубое-голубое : Голубой щенок / сл. П. Хакса ; пер. Я. Серпина ; Голубая лошадка / сл. Х. Калау ; пер. Я. Серпина ; Голубая мышка / сл. Д. Зиверт ; пер. Я. Серпина. - Хан Ф. Рыбы / сл. К. Вельса ; пер. Я. Серпина. - Лишка Р. Голоса животных / сл. детей ; пер. Я. Серпина. - Беме Б. Приглашение на чашку чая / сл. П. Хакса ; пер. Я. Серпина.
464 Аналитический уровень _0
1 2001
a Песня о знамени
e Чист и высок небосвод...
1 700 1
a Шнайдер
b К.
1 702 1
a Калау
b Х.
4 520
1 702 1
a Функ
b П.
4 030
1 702 1
a Серпин
b Я.
4 730
464 Аналитический уровень _0
1 2001
a Просьба детей
e Пускай не падают бомбы...
1 700 1
a Дессау
b П.
1 702 1
a Брехт
b Б.
4 520
1 702 1
a Северцев
b С.
4 730
464 Аналитический уровень _0
1 2001
a Чудесно жить на свете
e Друзья, чудесно жить на свете...
1 700 1
a Швен
b К.
1 702 1
a Кюхенмайстер
b В.
4 520
1 702 1
a Северцев
b С.
4 730
464 Аналитический уровень _0
1 2001
a Навстречу лету
e И весенний теплый ветер...
1 700 1
a Роост
b М.
1 702 1
a Штер
b Х.
4 520
1 702 1
a Ибряев
b К.
4 730
464 Аналитический уровень _0
1 2001
a Как кружится земля
e Как кружится земля...
1 700 1
a Шир
b Г.
1 702 1
a Штайнэккерт
b Г.
4 520
1 702 1
a Ибряев
b К.
4 730
464 Аналитический уровень _0
1 2001
a Сороконожка
e Сороконожка досветла, пока заря не встала...
1 700 1
a Маттус
b З.
1 702 1
a Хакс
b П.
4 520
1 702 1
a Серпин
b Я.
4 730
464 Аналитический уровень _0
1 2001
a Древесный жук
e Сидит древесный жук...
1 700 1
a Грабс
b М.
1 702 1
a Кирш
b С.
4 520
1 702 1
a Серпин
b Я.
4 730
464 Аналитический уровень _0
1 2001
a Голубой щенок
e Я иду тропой лесной...
1 700 1
a Медек
b Т.
1 702 1
a Хакс
b П.
4 520
1 702 1
a Серпин
b Я.
4 730
1 50010
a Голубое-голубое
464 Аналитический уровень _0
1 2001
a Рыбы
e Речному покою я сам не рад...
1 700 1
a Хан
b Ф.
1 702 1
a Вельс
b К.
4 520
1 702 1
a Серпин
b Я.
4 730
464 Аналитический уровень _0
1 2001
a Голоса животных
e Свинья и утенок, щенок и котенок...
1 700 1
a Лишка
b Р.
1 702 1
a Слова детей
4 520
1 702 1
a Серпин
b Я.
4 730
464 Аналитический уровень _0
1 2001
a Приглашение на чашку чая
e Собрались, друзей встречая...
1 700 1
a Беме
b Б.
1 702 1
a Хакс
b П.
4 520
1 702 1
a Серпин
b Я.
4 730
464 Аналитический уровень _0
1 2001
a Песня о мире
e На планете нашей мир должны беречь мы свято...
1 700 1
a Шнайдер
b К.
1 702 1
a Штайнэккерт
b Г.
4 520
1 702 1
a Серпин
b Я.
4 730
464 Аналитический уровень _0
1 2001
a Древний ящер
e Жил ящер давным-давно...
1 700 1
a Швен
b К.
1 702 1
a Кирш
b С.
4 520
1 702 1
a Серпин
b Я.
4 730
464 Аналитический уровень _0
1 2001
a Зима в родном краю
e Ночью вьюги бушевали...
1 700 1
a Роост
b М.
1 702 1
a Калиш
b И.
4 520
1 702 1
a Ибряев
b К.
4 730
464 Аналитический уровень _0
1 2001
a Летняя песня
e Хорошо лучистым летом...
1 700 1
a Роост
b М.
1 702 1
a Штер
b Х.
4 520
1 702 1
a Ибряев
b К.
4 730
464 Аналитический уровень _0
1 2001
a Блинчики из ряски
e Наш пруд весной цветет, как в сказке...
1 700 1
a Грабс
b М.
1 702 1
a Линдеман
b В.
4 520
1 702 1
a Серпин
b Я.
4 730
464 Аналитический уровень _0
1 2001
a Голубая лошадка
e Гоп-ля-гоп, моя лошадка...
1 700 1
a Медек
b Т.
1 702 1
a Калау
b Х.
4 520
1 702 1
a Серпин
b Я.
4 730
1 50010
a Голубое-голубое
464 Аналитический уровень _0
1 2001
a Голубая мышка
e Тихо в норке ты сидишь...
1 700 1
a Медек
b Т.
1 702 1
a Зиверт
b Д.
4 520
1 702 1
a Серпин
b Я.
4 730
1 50010
a Голубое-голубое
512 Заглавие обложки 1_
a Заглавие обложки Песни весны
606 Тематические рубрики 0_
a Основная рубрика Детские и юношеские хоры
x Основная подрубрика Песни
610 Ключевые слова 0_
a Ключевые слова детские хоры
610 Ключевые слова 0_
a Ключевые слова песни
686 Индексы других классификаций __
a Классификационный индекс 85.941.8
a Классификационный индекс 85.984.22(3)я436
2 Код системы rubbk
702 Вторичная интеллектуальная ответственность _1
a Фамилия Роост
b Имя (инициалы) М.
4 Код отношения 220
702 Вторичная интеллектуальная ответственность _1
a Фамилия Попов
b Имя (инициалы) В.
4 Код отношения 340
4 Код отношения 080
801 Источник записи _0
a Страна RU
b Организация Ульяновская ОНБ
c Дата составления 20201206
g Правила каталогизации RCR
801 Источник записи _1
a Страна RU
b Организация Ульяновская ОНБ
c Дата составления 20201206
g Правила каталогизации RCR
901 Тип документа __
t Тип документа m
909 Создатель записи __
a Создатель записи Грязнова И. Е.
938 Служебная информация __
a Имя БД noti
b Имя библиотеки УОНБ
c Имя АИБС МАРК-SQL
d Номер DOC_ID в БД 23146